[Event "Mem op Francisco Codes 12th"]
[Site "Madrid"]
[Date "2018.05.13"]
[Round "5.18"]
[White "Benitez Robles, Antonio"]
[Black "Urrea Salazar, Martin"]
[Result "1-0"]
[WhiteElo "1356"]
[BlackElo "1493"]
[PlyCount "165"]
[EventDate "2018.04.08"]
[EventType "swiss"]
[EventRounds "9"]
[EventCountry "ESP"]
[SourceTitle "EXT 2024"]
[Source "ChessBase"]
[SourceDate "2023.10.10"]
[SourceVersion "1"]
[SourceVersionDate "2023.10.10"]
[SourceQuality "1"]

1. c4 e6 2. Nc3 Nf6 3. g3 Bb4 4. Qc2 Nc6 5. e3 a6 6. Bg2 d5 7. cxd5 exd5 8. d4 0-0 9. Nf3 h6 10. 0-0 Bxc3 11. bxc3 Re8 12. Nh4 Ne7 13. f4 Qd6 14. f5 Qc6 15. Re1 Ne4 16. Bxe4 dxe4 17. Rf1 Nd5 18. Bd2 Nb4 19. Qb3 Nd5 20. Rac1 Qb5 21. Qc2 Qc6 22. a3 g6 23. c4 Ne7 24. d5 Qd7 25. Qxe4 Nxf5 26. Qf4 Nxh4 27. Qxh4 h5 28. Qd4 f5 29. Bc3 Rf8 30. Qh8+ Kf7 31. Qg7+ Ke8 32. Qxg6+ Qf7 33. Qh6 Rg8 34. Qf4 Kd7 35. Qxf5+ Qxf5 36. Rxf5 h4 37. Kg2 Ke8 38. Rh5 hxg3 39. hxg3 b6 40. Rh7 Bf5 41. Rxc7 Be4+ 42. Kf2 Rf8+ 43. Ke2 b5 44. Rf1 Bd3+ 45. Kxd3 Rxf1 46. c5 Rd8 47. d6 Rf7 48. Rc6 a5 49. Bxa5 Ra8 50. Bb4 Raa7 51. Rc8+ Kd7 52. Rb8 Kc6 53. Rb6+ Kd5 54. Rxb5 Rf3 55. c6+ Ke6 56. c7 Kd7 57. Rb8 Rxc7 58. dxc7 Kxc7 59. Rg8 Kd7 60. Ke4 Rf7 61. g4 Rh7 62. Kf5 Rf7+ 63. Kg5 Rf3 64. e4 Rf1 65. Kh4 Ke6 66. Rg6+ Kf7 67. Kg5 Rd1 68. Rf6+ Ke8 69. a4 Rd4 70. Re6+ Kf7 71. Rf6+ Ke8 72. Bc3 Rxe4 73. a5 Rc4 74. Bd2 Rd4 75. Bf4 Ke7 76. a6 Rd7 77. Be3 Rd8 78. a7 Kd7 79. Rb6 Kc7 80. Rb1 Rg8+ 81. Kf4 Rf8+ 82. Kg3 Re8 83. Bf4+ 1-0

[Event "Mem op Francisco Codes 12th"]
[Site "Madrid"]
[Date "2018.04.08"]
[Round "1.16"]
[White "Lopez Orellana, Federico"]
[Black "Benitez Robles, Antonio"]
[Result "1-0"]
[WhiteElo "1695"]
[BlackElo "1356"]
[PlyCount "55"]
[EventDate "2018.04.08"]
[EventType "swiss"]
[EventRounds "9"]
[EventCountry "ESP"]
[SourceTitle "EXT 2024"]
[Source "ChessBase"]
[SourceDate "2023.10.10"]
[SourceVersion "1"]
[SourceVersionDate "2023.10.10"]
[SourceQuality "1"]

1. d4 d5 2. Bf4 Nf6 3. e3 e6 4. Bd3 Bd6 5. Bg3 Bxg3 6. hxg3 Nbd7 7. Nf3 h6 8. Nbd2 b6 9. Qe2 Bb7 10. Ne5 Qe7 11. Bb5 Qd6 12. Ndf3 c6 13. Bd3 Rf8 14. 0-0-0 c5 15. Ba6 Bxa6 16. Qxa6 c4 17. Nxd7 Nxd7 18. e4 Qc7 19. exd5 exd5 20. Rhe1+ Kd8 21. Qa3 Kc8 22. Re7 Kb7 23. Ne5 Rad8 24. Nxd7 Rxd7 25. Rxd7 Qxd7 26. Qxf8 a5 27. Re1 Ka6 28. Qa8+ 1-0

[Event "Madrid San Viator op-B 29th"]
[Site "Madrid"]
[Date "2017.10.01"]
[Round "3"]
[White "Benitez Robles, Antonio"]
[Black "Mateos Cordero, Francisco"]
[Result "0-1"]
[WhiteElo "1343"]
[BlackElo "1618"]
[PlyCount "64"]
[EventDate "2017.09.17"]
[EventType "swiss"]
[EventRounds "9"]
[EventCountry "ESP"]
[SourceTitle "EXT 2019"]
[Source "ChessBase"]
[SourceDate "2018.10.10"]
[SourceVersion "1"]
[SourceVersionDate "2018.10.10"]
[SourceQuality "1"]

1. c4 c5 2. Nc3 Nf6 3. Nf3 e6 4. d3 a6 5. g3 Be7 6. Bg2 0-0 7. 0-0 Nc6 8. Na4 d6 9. Be3 Rb8 10. a3 Bd7 11. Qc2 Ng4 12. Rad1 e5 13. Nc3 Nf6 14. Bc1 Be6 15. Ng5 Nd4 16. Qd2 Nb3 17. Qc2 Nxc1 18. Nxe6 Nxe2+ 19. Qxe2 fxe6 20. f4 Qc7 21. Bh3 b5 22. Bxe6+ Kh8 23. fxe5 dxe5 24. Ne4 Qb6 25. b3 Qxe6 26. Ng5 Qd6 27. Qc2 h6 28. Ne4 Nxe4 29. dxe4 Rxf1+ 30. Kxf1 Rf8+ 31. Kg2 Qf6 32. Rd5 Qf1# 0-1

[Event "Madrid San Viator op-B 29th"]
[Site "Madrid"]
[Date "2017.09.17"]
[Round "1"]
[White "Mora Marin, Guillermo"]
[Black "Benitez Robles, Antonio"]
[Result "1/2-1/2"]
[WhiteElo "1656"]
[BlackElo "1343"]
[PlyCount "60"]
[EventDate "2017.09.17"]
[EventType "swiss"]
[EventRounds "9"]
[EventCountry "ESP"]
[SourceTitle "EXT 2019"]
[Source "ChessBase"]
[SourceDate "2018.10.10"]
[SourceVersion "1"]
[SourceVersionDate "2018.10.10"]
[SourceQuality "1"]

1. d4 e6 2. c4 Bb4+ 3. Nc3 c5 4. Qb3 b6 5. a3 Bxc3+ 6. Qxc3 cxd4 7. Qxd4 Qf6 8. Nf3 Qxd4 9. Nxd4 Ne7 10. e3 Nbc6 11. Nb5 0-0 12. b4 Ba6 13. Nd6 Ne5 14. Bb2 N5g6 15. Bd3 f5 16. 0-0 Nc8 17. Nxc8 Raxc8 18. Rac1 Bb7 19. Be2 d6 20. Rfd1 Rfd8 21. Rd4 e5 22. Rd2 Rd7 23. Rcd1 Rcd8 24. f3 Kf8 25. c5 bxc5 26. bxc5 d5 27. Rc1 Bc6 28. Bc3 Rb8 29. Bb4 Rdb7 30. Ba6 Rd7 1/2-1/2

[Event "Madrid Codes Memorial 11th"]
[Site "Madrid"]
[Date "2017.05.28"]
[Round "7"]
[White "Benitez Robles, Antonio"]
[Black "Santacruz Sanchez, Jose Luis"]
[Result "1-0"]
[WhiteElo "1337"]
[BlackElo "1272"]
[PlyCount "31"]
[EventDate "2017.04.02"]
[EventType "swiss"]
[EventRounds "9"]
[EventCountry "ESP"]
[SourceTitle "EXT 2019"]
[Source "ChessBase"]
[SourceDate "2018.10.10"]
[SourceVersion "1"]
[SourceVersionDate "2018.10.10"]
[SourceQuality "1"]

1. e4 e5 2. Nf3 Nf6 3. Bc4 d5 4. exd5 Nxd5 5. 0-0 Nc6 6. Re1 Bg4 7. d4 Nb6 8. Bxf7+ Kxf7 9. Ng5+ Ke8 10. Qxg4 Qd7 11. Qxd7+ Nxd7 12. c3 h6 13. Nf3 Bd6 14. Bf4 Kf7 15. dxe5 Rhe8 16. exd6 1-0

[Event "Madrid Codes Memorial 11th"]
[Site "Madrid"]
[Date "2017.04.23"]
[Round "3"]
[White "Benitez Robles, Antonio"]
[Black "Marcos Herrero, Francisco"]
[Result "0-1"]
[WhiteElo "1337"]
[BlackElo "1955"]
[PlyCount "54"]
[EventDate "2017.04.02"]
[EventType "swiss"]
[EventRounds "9"]
[EventCountry "ESP"]
[SourceTitle "EXT 2019"]
[Source "ChessBase"]
[SourceDate "2018.10.10"]
[SourceVersion "1"]
[SourceVersionDate "2018.10.10"]
[SourceQuality "1"]

1. e4 c5 2. Nf3 Nc6 3. d4 cxd4 4. Nxd4 g6 5. h3 Nf6 6. Nc3 Bg7 7. g4 0-0 8. Be3 d5 9. Bg2 Nxe4 10. Nxc6 Nxc3 11. Bd4 Nxd1 12. Nxd8 Bxd4 13. Rxd1 Bb6 14. Nxf7 Rxf7 15. Bxd5 e6 16. Bb3 Rxf2 17. Rd6 Rf3 18. h4 Kf7 19. Ke2 Rf4 20. g5 Ke7 21. Rd3 e5 22. Kd2 Bf5 23. Rd5 Bc7 24. h5 Be4 25. Rc5 Bd6 26. hxg6 Bxh1 27. g7 Bxc5 0-1

[Event "Madrid San Viator op-B 27th"]
[Site "Madrid"]
[Date "2016.10.23"]
[Round "6"]
[White "Alcojor Patilla, Antonio"]
[Black "Benitez Robles, Antonio"]
[Result "1-0"]
[WhiteElo "1521"]
[BlackElo "1344"]
[PlyCount "51"]
[EventDate "2016.09.25"]
[EventType "swiss"]
[EventRounds "9"]
[EventCountry "ESP"]
[SourceTitle "EXT 2019"]
[Source "ChessBase"]
[SourceDate "2018.10.10"]
[SourceVersion "1"]
[SourceVersionDate "2018.10.10"]
[SourceQuality "1"]

1. e4 e5 2. Nf3 Nc6 3. Bc4 Nf6 4. d3 Be7 5. h3 0-0 6. Nc3 a6 7. Be3 d6 8. d4 exd4 9. Nxd4 Ne5 10. Bd3 c5 11. Nf3 Be6 12. 0-0 Qc7 13. a4 d5 14. exd5 Nxd5 15. Nxd5 Bxd5 16. Bxh7+ Kh8 17. Qxd5 Nxf3+ 18. Qxf3 Kxh7 19. Rfd1 a5 20. Bf4 Qb6 21. Qe4+ Kg8 22. Qxe7 Rae8 23. Qc7 Qxb2 24. Bd6 Rc8 25. Qxa5 Qb3 26. cxb3 1-0

[Event "Madrid San Viator op-B 27th"]
[Site "Madrid"]
[Date "2016.10.09"]
[Round "3"]
[White "Benitez Robles, Antonio"]
[Black "Corral Sanchez, Jesus"]
[Result "0-1"]
[WhiteElo "1344"]
[BlackElo "1581"]
[PlyCount "62"]
[EventDate "2016.09.25"]
[EventType "swiss"]
[EventRounds "9"]
[EventCountry "ESP"]
[SourceTitle "EXT 2017"]
[Source "ChessBase"]
[SourceDate "2016.10.25"]
[SourceVersion "1"]
[SourceVersionDate "2016.10.25"]
[SourceQuality "1"]

1. e4 Nf6 2. Nc3 d5 3. e5 Nfd7 4. d4 Nb6 5. b3 e6 6. Nf3 Be7 7. Be2 c5 8. 0-0 Nc6 9. Be3 cxd4 10. Bxd4 Nxd4 11. Qxd4 Bd7 12. Nd1 0-0 13. Ne3 Bc6 14. Nd2 Nd7 15. f4 Bc5 16. Qd3 b5 17. Kh1 Qb6 18. Rf3 d4 19. Rh3 g6 20. Ng4 Qb7 21. Qg3 Be7 22. Bd3 Kg7 23. Rf1 h5 24. Nf2 Rh8 25. Nfe4 Qc7 26. Ng5 Bxg5 27. Qxg5 Qd8 28. Qg3 Qe7 29. f5 exf5 30. Rxf5 h4 31. Qg5 Rae8 0-1

[Event "Madrid Los Angeles op 10th"]
[Site "Madrid"]
[Date "2016.05.29"]
[Round "8"]
[White "Santacruz Sanchez, Jose Luis"]
[Black "Benitez Robles, Antonio"]
[Result "1-0"]
[WhiteElo "1292"]
[BlackElo "1390"]
[PlyCount "143"]
[EventDate "2016.04.03"]
[EventType "swiss"]
[EventRounds "9"]
[EventCountry "ESP"]
[SourceTitle "CBM 172 Extra"]
[Source "ChessBase"]
[SourceDate "2016.06.21"]
[SourceVersion "1"]
[SourceVersionDate "2016.06.21"]
[SourceQuality "1"]

1. e4 c6 2. d4 d5 3. exd5 cxd5 4. Nc3 Nf6 5. h3 a6 6. Bd3 Nc6 7. Nf3 e6 8. 0-0 Be7 9. Re1 Qb6 10. Be2 Bd7 11. a3 0-0 12. b4 a5 13. Na4 Qc7 14. c3 Na7 15. Bb2 b5 16. Nc5 Bxc5 17. bxc5 a4 18. Rb1 Nc6 19. Bxb5 Ne7 20. Bd3 Nc6 21. Ne5 Nxe5 22. Rxe5 Kh8 23. Re1 g5 24. Qf3 Ng8 25. c4 f5 26. cxd5 g4 27. hxg4 fxg4 28. Qxg4 exd5 29. Qh5 Nf6 30. Qh4 Qd8 31. Rbc1 Rg8 32. Qh2 Rg7 33. Bc3 Ng4 34. Qf4 Qh4 35. Re2 Rf7 36. Qg3 Qh5 37. f3 Qg5 38. fxg4 Qxc1+ 39. Be1 Raf8 40. Kh2 Rf1 41. Qe5+ R1f6 42. g5 Qf4+ 43. Bg3 Qxe5 44. Bxe5 Kg7 45. gxf6+ Kf7 46. Kg3 Rg8+ 47. Kf4 Rg4+ 48. Kf3 h5 49. g3 Rg8 50. Rh2 Rg5 51. Kf4 Rg4+ 52. Kf3 Rg5 53. Be2 Rf5+ 54. Ke3 Rg5 55. Bxh5+ Kf8 56. Kf4 Rf5+ 57. Ke3 Rf1 58. Ra2 Rb1 59. Be2 Rb3+ 60. Kf4 Kf7 61. g4 Kg6 62. g5 Rh3 63. Bg4 Rh4 64. Rg2 Bb5 65. Kg3 Rh8 66. Rh2 Ra8 67. Rh6+ Kf7 68. Bh5+ Ke6 69. Rh7 Rg8 70. Re7+ Kf5 71. Rg7 Rh8 72. f7 1-0

[Event "Madrid Los Angeles op 10th"]
[Site "Madrid"]
[Date "2016.05.22"]
[Round "7"]
[White "Benitez Robles, Antonio"]
[Black "Ghavami, Mahmoud"]
[Result "0-1"]
[WhiteElo "1390"]
[BlackElo "1403"]
[PlyCount "96"]
[EventDate "2016.04.03"]
[EventType "swiss"]
[EventRounds "9"]
[EventCountry "ESP"]
[SourceTitle "CBM 172 Extra"]
[Source "ChessBase"]
[SourceDate "2016.06.21"]
[SourceVersion "1"]
[SourceVersionDate "2016.06.21"]
[SourceQuality "1"]

1. Nf3 g6 2. c4 Bg7 3. d4 c5 4. Nc3 a6 5. d5 d6 6. e4 Nd7 7. Be2 Ne5 8. 0-0 Bg4 9. Nxe5 Bxe2 10. Qxe2 Bxe5 11. f4 Bg7 12. f5 Qd7 13. Bg5 f6 14. Bh4 Nh6 15. Bg3 Nf7 16. Qg4 Nh6 17. Qf3 0-0-0 18. h3 Rdg8 19. Bh2 Nf7 20. Qd1 g5 21. Na4 Kb8 22. Qb3 Qc7 23. Nxc5 Qxc5+ 24. Kh1 h5 25. a4 h4 26. a5 Nh6 27. Bg1 Qc7 28. Bb6 Qd7 29. c5 dxc5 30. Bxc5 g4 31. Qb6 Qb5 32. Qa7+ Kc8 33. Bxe7 Kd7 34. d6 gxh3 35. Rg1 Ng4 36. gxh3 Nf2+ 37. Qxf2 Qe5 38. Rac1 Qxe4+ 39. Kh2 Qe5+ 40. Kh1 Qe4+ 41. Kh2 Bh6 42. Rc7+ Ke8 43. Rc8+ Kf7 44. Rg2 Rxc8 45. Rg4 Rc2 46. Rxe4 Rxf2+ 47. Kg1 Rd2 48. Rxh4 Be3+ 0-1

[Event "Madrid Los Angeles op 10th"]
[Site "Madrid"]
[Date "2016.04.24"]
[Round "4"]
[White "Salgado Duarte, Pablo"]
[Black "Benitez Robles, Antonio"]
[Result "1-0"]
[WhiteElo "1550"]
[BlackElo "1390"]
[PlyCount "95"]
[EventDate "2016.04.03"]
[EventType "swiss"]
[EventRounds "9"]
[EventCountry "ESP"]
[SourceTitle "CBM 172 Extra"]
[Source "ChessBase"]
[SourceDate "2016.06.21"]
[SourceVersion "1"]
[SourceVersionDate "2016.06.21"]
[SourceQuality "1"]

1. d4 d5 2. c4 e6 3. Nc3 Bb4 4. Bd2 b6 5. Qa4+ Bd7 6. Qxb4 Nc6 7. Qb3 Nxd4 8. Qd1 Nf6 9. e3 Nf5 10. Nf3 0-0 11. cxd5 exd5 12. Bd3 d4 13. Bxf5 Bxf5 14. Nxd4 Bd3 15. Nce2 Qd5 16. Nf4 Qc4 17. Nxd3 Qxd3 18. Qe2 Qe4 19. 0-0 c5 20. Nf3 h5 21. Bc3 Nh7 22. Nd2 Qc6 23. Qxh5 Rad8 24. Nf3 Rd5 25. Qg4 f6 26. Rfd1 Rfd8 27. Rxd5 Qxd5 28. h3 b5 29. a3 a5 30. Bxa5 Ra8 31. Be1 b4 32. Nh4 Qe5 33. Nf5 Ng5 34. Qc4+ Nf7 35. e4 Qxb2 36. Rd1 bxa3 37. Bc3 Qc2 38. Ne3 Qa4 39. Rd8+ Kh7 40. Rxa8 Qxa8 41. Qxf7 Qxe4 42. Bxf6 Qb1+ 43. Kh2 Qg6 44. Qxg6+ Kxg6 45. Ba1 Kf7 46. Kg3 Ke6 47. Bxg7 Kd6 48. Nc4+ 1-0

[Event "Madrid Los Angeles op 10th"]
[Site "Madrid"]
[Date "2016.04.10"]
[Round "2"]
[White "Benitez Robles, Antonio"]
[Black "Martin Garcia, Francisco Javier"]
[Result "0-1"]
[WhiteElo "1390"]
[BlackElo "1617"]
[PlyCount "144"]
[EventDate "2016.04.03"]
[EventType "swiss"]
[EventRounds "9"]
[EventCountry "ESP"]
[SourceTitle "CBM 172 Extra"]
[Source "ChessBase"]
[SourceDate "2016.06.21"]
[SourceVersion "1"]
[SourceVersionDate "2016.06.21"]
[SourceQuality "1"]

1. Nf3 c5 2. g3 d5 3. Bg2 g6 4. 0-0 Bg7 5. c3 Nc6 6. d3 Nf6 7. Nbd2 0-0 8. Re1 e5 9. Qc2 h6 10. e4 Be6 11. a3 Rc8 12. c4 dxe4 13. dxe4 Nd4 14. Qc3 Ne8 15. Nf1 b5 16. N3d2 b4 17. Qd3 a5 18. a4 Nd6 19. Ne3 f5 20. b3 Ne8 21. Nc2 f4 22. Nxd4 exd4 23. e5 Bf5 24. Qf3 fxg3 25. fxg3 Kh7 26. Qd5 Qe7 27. Bh1 Nc7 28. Qd6 Qe8 29. Bc6 Qe6 30. Qxe6 Nxe6 31. Bg2 d3 32. Bb2 Rcd8 33. Rad1 Bg4 34. Rc1 Be2 35. Bd5 Rde8 36. Be4 Ng5 37. Rb1 Bxe5 38. Bxe5 Rxe5 39. Bg2 Ref5 40. Bf1 Bxf1 41. Re7+ Kg8 42. Rbe1 Nh3+ 43. Kh1 Be2 44. Kg2 Ng5 45. h4 Rf2+ 46. Kg1 Nh3+ 47. Kh1 Bf3+ 48. Nxf3 R2xf3 49. Kg2 Nf2 50. Rd7 Ng4 51. Ree7 R3f7 52. Rxf7 Rxf7 53. Rxd3 Ne5 54. Rd5 Nd7 55. h5 g5 56. g4 Kf8 57. Rd6 Kg7 58. Kg3 Ne5 59. Ra6 Rf3+ 60. Kg2 Rxb3 61. Rxa5 Nxc4 62. Rxc5 Rb2+ 63. Kg1 Ne3 64. Rc7+ Kf8 65. Rc8+ Ke7 66. a5 Ra2 67. Rb8 Nc2 68. Rc8 b3 69. Rc3 b2 70. Rc7+ Kd6 71. Rb7 Ra1+ 72. Kg2 b1Q 0-1

[Event "Madrid San Viator op-B 25th"]
[Site "Madrid"]
[Date "2015.10.25"]
[Round "5"]
[White "Sanchez Sanchez, Cesar"]
[Black "Benitez Robles, Antonio"]
[Result "1/2-1/2"]
[WhiteElo "1800"]
[BlackElo "1425"]
[PlyCount "48"]
[EventDate "2015.10.04"]
[EventType "swiss"]
[EventRounds "9"]
[EventCountry "ESP"]
[SourceTitle "EXT 2019"]
[Source "ChessBase"]
[SourceDate "2018.10.10"]
[SourceVersion "1"]
[SourceVersionDate "2018.10.10"]
[SourceQuality "1"]

1. d4 Nf6 2. Bf4 g6 3. Nf3 Bg7 4. e3 d6 5. Bd3 0-0 6. c3 Nbd7 7. Qc2 Re8 8. Nbd2 e5 9. dxe5 dxe5 10. Bg3 b6 11. Bb5 Nh5 12. Bh4 Nhf6 13. Ne4 a6 14. Bc6 Ra7 15. Rd1 Re6 16. Nxf6+ Bxf6 17. Bxf6 Rxf6 18. Nxe5 Rd6 19. Nxd7 Bxd7 20. Bxd7 Rxd7 21. Rxd7 Qxd7 22. Qd2 Qb5 23. Qd8+ Kg7 24. Qd4+ Kf8 1/2-1/2

[Event "Madrid San Viator op 24th"]
[Site "Madrid"]
[Date "2015.03.22"]
[Round "1"]
[White "Mosteiro Montoro, Alvaro"]
[Black "Benitez Robles, Antonio"]
[Result "1-0"]
[WhiteElo "1591"]
[BlackElo "1453"]
[PlyCount "131"]
[EventDate "2015.03.22"]
[EventType "swiss"]
[EventRounds "9"]
[EventCountry "ESP"]
[SourceTitle "EXT 2016"]
[Source "ChessBase"]
[SourceDate "2015.10.08"]
[SourceVersion "1"]
[SourceVersionDate "2015.10.08"]
[SourceQuality "1"]

1. d4 d5 2. c4 c6 3. Nc3 Nf6 4. Nf3 Nbd7 5. e3 Qc7 6. cxd5 cxd5 7. Bd3 a6 8. 0-0 e6 9. a3 Be7 10. Bd2 0-0 11. Rc1 Qd8 12. b4 b5 13. e4 dxe4 14. Nxe4 Bb7 15. Re1 Nxe4 16. Bxe4 Bxe4 17. Rxe4 Nf6 18. Re1 Qd5 19. Re5 Qd7 20. Bg5 Ng4 21. Re4 f5 22. Re2 Bd6 23. h3 Nf6 24. Bxf6 Rxf6 25. Rec2 Bf4 26. Ne5 Qe8 27. Rb1 Rd8 28. Nc6 Rd7 29. Qf3 Bd6 30. Rbc1 Rh6 31. Ne5 Bxe5 32. dxe5 Qg6 33. Rc8+ Kf7 34. Kh2 Qh5 35. Qc6 Re7 36. Rc7 Qg5 37. Rxe7+ Qxe7 38. Qc7 Qxc7 39. Rxc7+ Kg6 40. Rc6 Rh5 41. Rxe6+ Kf7 42. Rxa6 f4 43. Ra7+ Kg6 44. e6 Re5 45. Rf7 Re4 46. Rb7 Re5 47. e7 Kf7 48. e8Q+ Kxe8 49. Rxg7 Re2 50. Rxh7 Rxf2 51. Rh5 f3 52. Kg3 Ra2 53. Kxf3 Rxa3+ 54. Kf4 Ra2 55. g4 Ra3 56. h4 Rh3 57. Re5+ Kf7 58. h5 Kg7 59. Rxb5 Kh6 60. Rb6+ Kh7 61. b5 Rb3 62. g5 Rc3 63. Rc6 Rd3 64. Ke4 Rd7 65. b6 Rb7 66. Rc7+ 1-0

[Event "Madrid Codes Memorial 7th"]
[Site "Madrid"]
[Date "2013.05.26"]
[Round "8"]
[White "Benitez Robles, Antonio"]
[Black "Rausell Tamayo, Estrella"]
[Result "0-1"]
[WhiteElo "1483"]
[BlackElo "1280"]
[PlyCount "66"]
[EventDate "2013.04.07"]
[EventType "swiss"]
[EventRounds "9"]
[EventCountry "ESP"]
[SourceTitle "EXT 2014"]
[Source "ChessBase"]
[SourceDate "2013.11.20"]
[SourceVersion "1"]
[SourceVersionDate "2013.11.20"]
[SourceQuality "1"]

1. e4 e6 2. d4 d5 3. exd5 exd5 4. Nf3 Bd6 5. c4 dxc4 6. Bxc4 Ne7 7. 0-0 0-0 8. Bg5 Nd7 9. Nc3 c6 10. Re1 Nb6 11. Bb3 Qc7 12. Ne4 Nbd5 13. Nxd6 Qxd6 14. Bxd5 Nxd5 15. Qb3 Qb4 16. Qc2 Bg4 17. a3 Qb6 18. Ne5 f6 19. Bxf6 Nxf6 20. Qc4+ Kh8 21. Nf7+ Kg8 22. Re7 Nd5 23. Ne5 Qxb2 24. Rf1 Be2 25. Nd3 Bxd3 26. Rxg7+ Kxg7 27. Qxd3 Nf4 28. Qg3+ Kh8 29. Kh1 Qxd4 30. Qh4 Qf6 31. Qg3 c5 32. h3 c4 33. Rc1 Ne2 0-1

[Event "Madrid Codes Memorial 7th"]
[Site "Madrid"]
[Date "2013.04.14"]
[Round "2"]
[White "Benitez Robles, Antonio"]
[Black "Rodriguez Lopez, Canizares Francisco"]
[Result "0-1"]
[WhiteElo "1483"]
[BlackElo "1668"]
[PlyCount "68"]
[EventDate "2013.04.07"]
[EventType "swiss"]
[EventRounds "9"]
[EventCountry "ESP"]
[SourceTitle "EXT 2014"]
[Source "ChessBase"]
[SourceDate "2013.11.20"]
[SourceVersion "1"]
[SourceVersionDate "2013.11.20"]
[SourceQuality "1"]

1. d4 Nf6 2. c4 e5 3. Nc3 exd4 4. Qxd4 Nc6 5. Qd1 d6 6. Bf4 Be6 7. e3 g6 8. Nf3 Bg7 9. Qc2 0-0 10. Rd1 Qc8 11. Nd5 Bf5 12. Bd3 Bxd3 13. Rxd3 Nxd5 14. Rxd5 Nb4 15. Qd2 Nxd5 16. cxd5 Qf5 17. 0-0 Rfe8 18. h3 Qe4 19. Ng5 Qe7 20. Nf3 h6 21. Re1 Qe4 22. b3 g5 23. Bg3 g4 24. hxg4 Qxg4 25. Qc2 Rac8 26. e4 h5 27. Bh4 Kh8 28. Qd3 f5 29. Nh2 Qxh4 30. Nf3 fxe4 31. Rxe4 Qxe4 32. Qd2 Qg6 33. Qf4 Rf8 34. Qe3 Rce8 0-1

[Event "Madrid Codes op 6th"]
[Site "Madrid"]
[Date "2012.06.03"]
[Round "8.23"]
[White "Benitez Robles, Antonio"]
[Black "Martinez Pastor, Francisco"]
[Result "0-1"]
[WhiteElo "1519"]
[BlackElo "1612"]
[PlyCount "88"]
[EventDate "2012.04.15"]
[EventType "swiss"]
[EventRounds "9"]
[EventCountry "ESP"]
[SourceTitle "EXT 2024"]
[Source "ChessBase"]
[SourceDate "2023.10.10"]
[SourceVersion "1"]
[SourceVersionDate "2023.10.10"]
[SourceQuality "1"]

1. d4 f5 2. c4 Nf6 3. Nc3 g6 4. Bg5 Bg7 5. Nf3 d6 6. e3 Be6 7. d5 Bf7 8. Bd3 Nbd7 9. 0-0 0-0 10. Qd2 Nc5 11. Bc2 b6 12. b4 Nb7 13. Rae1 e5 14. e4 fxe4 15. Nxe4 Nxe4 16. Bxe4 Qd7 17. Bh6 a5 18. Bxg7 Kxg7 19. a3 axb4 20. axb4 b5 21. Rc1 bxc4 22. Nh4 Qg4 23. Nxg6 Bxg6 24. f3 Qd7 25. Qg5 Qf7 26. h4 Qf6 27. Qg4 Kh8 28. Rxc4 Qf7 29. Rfc1 Rac8 30. Kf2 Bxe4 31. Rxe4 Qg6 32. Qxg6 hxg6 33. Rh1 Rf4 34. h5 Kg7 35. h6+ Kh7 36. Ree1 Rxb4 37. g3 Nc5 38. Re2 Rb2 39. Kf1 Rb1+ 40. Re1 Rcb8 41. Rxb1 Rxb1+ 42. Kg2 Rxh1 43. Kxh1 Nd3 44. Kg1 Nb4 0-1

[Event "Madrid Codes op 6th"]
[Site "Madrid"]
[Date "2012.05.06"]
[Round "4.16"]
[White "Benitez Robles, Antonio"]
[Black "Vivas Mariscal, Luis Miguel"]
[Result "1-0"]
[WhiteElo "1519"]
[BlackElo "1673"]
[PlyCount "83"]
[EventDate "2012.04.15"]
[EventType "swiss"]
[EventRounds "9"]
[EventCountry "ESP"]
[SourceTitle "EXT 2024"]
[Source "ChessBase"]
[SourceDate "2023.10.10"]
[SourceVersion "1"]
[SourceVersionDate "2023.10.10"]
[SourceQuality "1"]

1. d4 Nf6 2. Bf4 c5 3. e3 d6 4. Nf3 Qb6 5. b3 g6 6. dxc5 Qxc5 7. Nbd2 Bg7 8. Rb1 Nc6 9. Bd3 e5 10. Bg5 Nb4 11. Bxf6 Nxd3+ 12. cxd3 Bxf6 13. Ne4 Qb4+ 14. Nfd2 Bg7 15. 0-0 Bf5 16. a3 Qb6 17. Nc4 Qa6 18. Nexd6+ Ke7 19. Ne4 Bxe4 20. dxe4 b5 21. Nb2 Rhd8 22. Qe2 Rac8 23. a4 Qb7 24. axb5 Qxe4 25. Nc4 Rb8 26. Na5 Rdc8 27. Nc6+ Kf8 28. Nxb8 Rxb8 29. Ra1 Qb7 30. e4 Kg8 31. Rfd1 Bf8 32. Rd5 Re8 33. Rad1 Qc8 34. Rd7 Bc5 35. Kf1 Kg7 36. Qc4 Kh6 37. Qxf7 Rf8 38. Qxh7+ Kg5 39. h4+ Kf6 40. Qg7+ Ke6 41. Qxg6+ Rf6 42. Qg4+ 1-0

[Event "Madrid Codes Memorial 5th"]
[Site "Madrid"]
[Date "2011.05.29"]
[Round "7"]
[White "Cepas Castillo, Juan Carlos"]
[Black "Benitez Robles, Antonio"]
[Result "1/2-1/2"]
[WhiteElo "1584"]
[BlackElo "1698"]
[PlyCount "165"]
[EventDate "2011.04.10"]
[EventType "swiss"]
[EventRounds "9"]
[EventCountry "ESP"]
[SourceTitle "EXT 2013"]
[Source "ChessBase"]
[SourceDate "2012.11.22"]
[SourceVersion "1"]
[SourceVersionDate "2012.11.22"]
[SourceQuality "1"]

1. Nf3 c6 2. g3 d5 3. d4 Bf5 4. Bg2 Nf6 5. 0-0 e6 6. Nbd2 Qc7 7. c4 Nbd7 8. b3 Rd8 9. Bb2 c5 10. cxd5 exd5 11. dxc5 Qxc5 12. Nd4 Be4 13. f3 Bg6 14. Qc1 Qb6 15. Qc3 Bc5 16. Qe3+ Be7 17. Kh1 0-0 18. Qxe7 Nc5 19. Qe3 Rfe8 20. Qf2 Bd3 21. Bc3 Bg6 22. Rfe1 a6 23. f4 h6 24. h3 Qc7 25. f5 Nce4 26. Nxe4 Nxe4 27. Bxe4 Bh7 28. Bd3 Qxc3 29. Rac1 Qa5 30. Rc2 Re5 31. Rec1 Kf8 32. Qf4 Ree8 33. Qc7 Qb4 34. Qc5+ Qxc5 35. Rxc5 Re5 36. Rc7 Re7 37. Rxe7 Kxe7 38. Rc7+ Rd7 39. Rxd7+ Kxd7 40. Kg2 Kd6 41. b4 Ke5 42. e3 g6 43. fxg6 Bxg6 44. Bxg6 fxg6 45. Kf3 g5 46. Kg4 Ke4 47. Nf5 Kd3 48. Kh5 Kc4 49. Kxh6 Kxb4 50. Kxg5 b5 51. h4 Ka3 52. h5 b4 53. h6 Kxa2 54. h7 b3 55. h8Q b2 56. Qf6 a5 57. Qc3 a4 58. Qb4 a3 59. Nd4 b1Q 60. Qc5 Kb2 61. Qb4+ Ka2 62. Qc3 Qb2 63. Qc2 Ka1 64. Nb3+ Ka2 65. Nc1+ Ka1 66. Qd1 Qb1 67. Qd2 Qb2 68. Qd1 Qg7+ 69. Kh4 Qb2 70. Nb3+ Ka2 71. Nd4 Qc3 72. Qc2+ Qb2 73. Qd3 Qb1 74. Qd2+ Qb2 75. Qa5 Ka1 76. Qxd5 Qh2+ 77. Kg4 a2 78. Nb3+ Kb2 79. Nd2 a1Q 80. Qd4+ Ka2 81. Qa4+ Kb2 82. Nc4+ Kb1 83. Qd1+ 1/2-1/2

[Event "Madrid Codes Memorial 4th"]
[Site "Madrid"]
[Date "2010.06.06"]
[Round "8"]
[White "Vazquez Moreno, Luis"]
[Black "Benitez Robles, Antonio"]
[Result "1-0"]
[WhiteElo "1719"]
[BlackElo "1700"]
[PlyCount "45"]
[EventDate "2010.04.18"]
[EventType "swiss"]
[EventRounds "9"]
[EventCountry "ESP"]
[SourceTitle "CBM 136 Extra"]
[Source "ChessBase"]
[SourceDate "2010.07.02"]
[SourceVersion "2"]
[SourceVersionDate "2010.07.15"]
[SourceQuality "1"]

1. e4 e6 2. d3 d5 3. Nd2 Bb4 4. c3 Ba5 5. Ngf3 Nc6 6. g3 d4 7. c4 Bxd2+ 8. Bxd2 e5 9. Bg2 Bg4 10. 0-0 Qf6 11. b4 Bxf3 12. Bxf3 a5 13. b5 Nb8 14. Bg2 b6 15. f4 Nd7 16. fxe5 Qxe5 17. Bf4 Qc5 18. e5 Rc8 19. Qf3 Nxe5 20. Bxe5 Qf8 21. Bxc7 Ne7 22. Rae1 Kd7 23. Rxe7+ 1-0